| 000 | 00942nam a2200253 a 4500 | ||
|---|---|---|---|
| 999 |
_c11406 _d11406 |
||
| 001 | 11406 | ||
| 003 | BD-JhCC | ||
| 005 | 20190921125923.0 | ||
| 008 | 190911b 2018bg a|||| ||a| 000 0 ben d | ||
| 020 | _a9789846341362 | ||
| 035 | _a(BD-JhCC)11406 | ||
| 040 |
_aBD-JhCC _dBD-JhCC |
||
| 041 | _aben | ||
| 082 |
_bSHA 2018 _a686.224 |
||
| 100 | _aশায়ক, কামরুল হাসান | ||
| 245 |
_aমুদ্রণশৈলী: _bনাদন্দনিক প্রকাশনার নির্দেশিকা / _cকামরুল হাসান শায়ক । |
||
| 260 |
_aঢাকা: _bপাঞ্জেরী পাবলিকেশন্স লি ; _c২০১৮. |
||
| 300 |
_a১৪৮ পৃ. : _c২৬ সেমি. |
||
| 490 | _aপ্রকাশনা বিষয়ক সিরিজ-১ | ||
| 650 | _aPrinting | ||
| 650 | _aEditing | ||
| 942 |
_2ddc _cBK |
||